000 00425nam a22001697a 4500
005 20180720143658.0
008 160622b xxu||||| |||| 00| 0 eng d
020 _a978-81-203-3090-0
041 _aeng
082 _b8863
_a658.3
100 _aRobbins, Stephen P. and Judge ,Timothy A.
_94597
245 _aOrganizational behavior
260 _bPHI
_aNEW DELHI
300 _a717p,
650 _aManagement
_9241
942 _cBK
999 _c3460
_d3459